000 00659nam a2200241Ia 4500
003 OSt
005 20221007075812.0
006 a|||||r|||| 00| 0
007 ta
008 221006b |||||||| |||| 00| 0 eng d
024 _a41,759
037 _cTextual
040 _aFLL
_cFLL
_beng
041 _2eng
_aeng
082 _aZ4(Q7), Q5
100 _aSerajuddin A.M.
_9694248
245 0 _aCases on muslim law of India ,Pakistan and Bangladesh
250 _a1st
260 _aNew Delhi
_bOxford University Press India
_c2015
300 _axxxix,490p
_ccm.
942 _hZ4(Q7), Q5
_cTEXL
_2CC
999 _c1157428
_d1157428